Quizzes
Events
Quiz Creation
Community
Videos
Private Events
Remove Ads
Sign In
Join for FREE
Feedback
Dark Mode
Quiz Categories
Sports
Geography
Music
Movies
Television
Just For Fun
Miscellaneous
History
Literature
Language
Science
Gaming
Entertainment
Religion
Holiday
For Kids
Quiz Lab
Recent
Popular Today
Quiz Kudos Today
Editor Picks
Curator Picks
Quizzes by...
Day
Popularity
Type
Ratings
Length
Year
Community
Subscriptions
Recent Discussions
Orange Saloon
Badges
Playlists
Quests
Create
Leaderboards
Showdown
Live 5
Trivia Bingo
Activity
Puzzle Library
Sporcle Events
Private Events
Virtual Trivia
Globe League
Become a Host
Pub Owners
SporcleCon
Opinionation
Our Games
Videos
Blog
Mobile Apps
Partnerships
Remove Ads and Go Orange
Feedback
Music
Pop Music
The Beatles
Song
Album
Lyrics
Bands
Singers
Artist
Clip
Rock
Rap
Classical
Billboard
Country Music
Kpop
Taylor Swift
Music
Pop Music
The Beatles
Song
Album
Lyrics
Bands
Singers
Artist
Clip
Rock
Rap
Classical
Billboard
Country Music
Kpop
Taylor Swift
Random Quiz
Search Sporcle
×
Quiz Lab
Quiz Lab
Music
Lyrics
Type in answers that appear in a list
Type in answers that appear in a list
Classic
Best Score? Go Orange.
Mystery Power Ballad Stats
Can you Figure out the Lyrics to the Mystery Power Ballad?
By
gingerlover
10m
295 Questions
2,367 Plays
2,367 Plays
2,367 Plays
Comments
Comments
Give Quiz Kudos
Give Quiz Kudos
-
- Ratings
hide this ad
Replay
Link that replays current quiz
Next Quiz
Link to next quiz in quiz playlist
You Got
0%
They Got
Avg Score
64%
Avg Friend Score
Upgrade to see
Score Distribution
Jump to the score distribution portion of the page
Score
0/295
Timer
10:00
0
Plays Today
Lyrics
% Correct
I
97.9%
I
97.9%
I
97.9%
I
97.9%
I
97.9%
I
97.9%
A
96%
you
93.6%
you
93.6%
you
93.6%
you
93.6%
you
93.6%
you
93.6%
you
93.6%
you
93.6%
you
93.6%
you
93.6%
you
93.6%
You
93.6%
you
93.6%
you
93.6%
you
93.6%
you
93.6%
you
93.6%
you
93.6%
you
93.6%
you
93.6%
you
93.6%
you
93.6%
the
92.8%
the
92.8%
the
92.8%
the
92.8%
the
92.8%
the
92.8%
the
92.8%
the
92.8%
the
92.8%
the
92.8%
the
92.8%
the
92.8%
the
92.8%
the
92.8%
the
92.8%
the
92.8%
the
92.8%
the
92.8%
to
87.5%
to
87.5%
to
87.5%
too
87.5%
to
87.5%
to
87.5%
too
87.5%
to
87.5%
to
87.5%
too
87.5%
to
87.5%
to
87.5%
to
87.5%
to
87.5%
to
87.5%
too
87.5%
to
87.5%
to
87.5%
to
87.5%
too
87.5%
to
87.5%
to
87.5%
to
87.5%
to
87.5%
love
87%
on
84.8%
on
84.8%
on
84.8%
on
84.8%
on
84.8%
on
84.8%
on
84.8%
on
84.8%
on
84.8%
on
84.8%
on
84.8%
on
84.8%
be
84.1%
be
84.1%
be
84.1%
be
84.1%
be
84.1%
be
84.1%
be
84.1%
be
84.1%
be
84.1%
be
84.1%
be
84.1%
be
84.1%
be
84.1%
be
84.1%
be
84.1%
Lyrics
% Correct
be
84.1%
be
84.1%
be
84.1%
be
84.1%
be
84.1%
be
84.1%
me
83%
me
83%
me
83%
me
83%
and
79.7%
and
79.7%
and
79.7%
and
79.7%
it
78.5%
it
78.5%
it
78.5%
it
78.5%
it
78.5%
one
77.6%
one
77.6%
one
77.6%
one
77.6%
one
77.6%
one
77.6%
one
77.6%
with
74.8%
with
74.8%
with
74.8%
with
74.8%
with
74.8%
with
74.8%
with
74.8%
with
74.8%
with
74.8%
can
74.5%
can
74.5%
can
74.5%
can
74.5%
we
74.2%
who
69.4%
who
69.4%
who
69.4%
who
69.4%
who
69.4%
your
65.9%
Your
65.9%
When
64.9%
when
64.9%
When
64.9%
for
64.9%
I'm
64.4%
I'm
64.4%
I'm
64.4%
I'm
64.4%
of
63.4%
of
63.4%
of
63.4%
of
63.4%
of
63.4%
of
63.4%
of
63.4%
go
62.8%
So
62.2%
So
62.2%
So
62.2%
So
62.2%
what
61.4%
wants
61.1%
wants
61.1%
wants
61.1%
wants
61.1%
my
60.1%
that
59.2%
that
59.2%
feel
57%
feel
57%
feel
57%
feel
57%
Let
56.4%
Let
56.4%
Let
56.4%
girl
56.1%
girl
56.1%
Just
55%
Just
55%
Just
55%
Just
55%
Just
55%
Hold
54.8%
hold
54.8%
come
53.3%
come
53.3%
come
53.3%
come
53.3%
come
53.3%
come
53.3%
can't
53.1%
it's
51.4%
Lyrics
% Correct
it's
51.4%
it's
51.4%
it's
51.4%
will
50.9%
will
50.9%
baby
49.6%
all
49.6%
all
49.6%
baby,
49.6%
baby
49.6%
baby,
49.6%
Why
48.9%
up
47.9%
up
47.9%
up
47.9%
heart
47.6%
over
44.9%
over
44.9%
over
44.9%
hope
44.1%
hope
44.1%
hope
44.1%
hope
44.1%
show
43.4%
show
43.4%
show
43.4%
little
42.8%
little
42.8%
Little
42.8%
inside
41%
inside
41%
inside
41%
inside
41%
Deep
40.6%
Deep
40.6%
Deep
40.6%
Deep
40.6%
next
39.3%
next
39.3%
next
39.3%
next
39.3%
next
39.3%
was
37.8%
together
37.8%
broken
37.2%
bad
37%
done
36.9%
line
36.4%
line
36.4%
line
36.4%
line
36.4%
down
35.3%
make
34.8%
make
34.8%
he's
34.2%
life
32.9%
out
32.5%
much
31%
through,
29.9%
through
29.9%
through,
29.9%
through
29.9%
Stand
28.9%
alone
28.8%
seen
27.5%
talk
26%
both
25.5%
both
25.5%
blues
25.5%
blues
25.5%
blues
25.5%
blues
25.5%
once
25.3%
wake
24.8%
about
24%
top
23.1%
Waited
22.1%
Waited
22.1%
Waited
22.1%
Waited
22.1%
boys
21.7%
smile
21.6%
cares
20.9%
start
19.6%
greens
19.1%
greens
19.1%
greens
19.1%
greens
19.1%
Fate
18.9%
Fate
18.9%
twist
18.3%
twist
18.3%
confidence
17.6%
game
17.1%
worthwhile
16.2%
Build
16.1%
rained
12.7%
Quiz Playlist
Details
Report
Send in Message
Add To Playlist
Classic:
Type in answers that appear in a list
Quiz Source
Last Updated: Nov 3, 2017
Quiz Scoreboard
CHALLENGE
Sign Up to Join the Scoreboard
Show All
Scores
Hide
Comments
May contain spoilers
Recently Published
Presidents Visiting Landmarks
by Hejman
History
7m
An Introduction to Baseball
by treessimontrees
Sports
5m
Movies - When Are They Set?
by FPL_Elf
Movies
5m
More to Explore
Quiz From the Vault
Featured Blog Post
Where Did the Easter Bunny Come From?
hide this ad
You Might Also Like...
Tags
Bands Quiz
Lyrics Quiz
Song Quiz
#1 Songs
Figure Out the Lyrics
Hair Metal
Missing Lyrics
Mystery
Power Ballads
Rock Band
Rock Lyrics
Rock Songs
Today's Top Quizzes in Music
Browse Music
hide this ad
Today's Top Quizzes in Lyrics
Browse Lyrics
Top Contributed Quizzes in Music
1
Taylor Swift All Songs (2024)
2
Guess the Artist- 70s Songs
3
One Thing in Common: Music
4
KPOP LOGIC QUIZ
5
2010s Album by Cover III
6
Taylor Swift Logic Puzzle
7
Guess the Taylor Swift song (Mystery Song)
8
7-to-1: Billboard Hot 100 #1 Hits of 2010s
9
2010s Album by Cover IV
10
2010s Album by Cover V
Explore More
Trending Topics
Harry Potter
Marvel
Anime
Crossword
NBA
Kpop
Disney
Puzzle
Country
Song
Pokémon
Soccer
The Office
WWE
NFL
hide this ad
More By:
gingerlover
Quiz
Plays
Rating
Category
Featured
Created
Movies by Last Name
107,612
4.69
Movies
Jan 23, 2018
Movies by Last Name II
78,914
4.72
Movies
Jan 23, 2018
Which Mario Game?
77,597
4.70
Gaming
Jun 6, 2018
Movies by Last Name III
58,561
4.46
Movies
Mar 3, 2018
Character Ice Cream
58,091
4.60
Miscellaneous
May 5, 2017
Go to Creator's Profile
Score Distribution
Quiz Creator Spotlight
gingerlover
Follow
Send a Message
Quizzes Created
-
Created Quiz Play Count
-
More By This Creator
Popular Quizzes Today
1
Find the US States - No Outlines Minefield
2
Find the Countries of Europe - No Outlines Minefield
3
The Countries of the World
4
Popular People in 1961
5
Find the US States
6
US States
7
Risky Map Clicking: Biggest States A-Z
8
1-10 Letter E Words III
More Music Quizzes
Which NCT 127 Member Is It?
Quiz Lab
Trending Quizzes
Risky Map Clicking: Least Populous States A-Z
1-10 Letter G Words
1-10 Letter F Words
One Thing in Common: United Kingdom
Risky Map Clicking: Next State Alphabetically
Recently Updated
Leaping Animals
pecheneg
Reality TV Shows (A-Z)
bhenderson79
Rickey Henderson's Hall of Fame Teammates
pecheneg
Champions League XIs: Arsenal
pecheneg
Quick Pick: Celebrities in WWE's Hall of Fame
aduchscher
A-Z Keypad Blitz II
pecheneg
Multiple Oscar Actors
pecheneg
Mystery Phrase Blitz: Oscar 'Best Actors'
pecheneg
F. Scott Fitzgerald Novels
LTH
Pick 3 Villains
ddd62291
Trending Topics
Disney
Anime
Kpop
Harry Potter
NBA
Crossword
Marvel
Puzzle
Pokémon
Song
WWE
The Office
Country
NFL
Soccer
Your Account Isn't Verified!
In order to create a playlist on Sporcle, you need to verify the email address you used during registration. Go to your
Sporcle Settings
to finish the process.
Report this User
Report this user for behavior that violates our
Community Guidelines
.
Details:
Send Report
Go to the Sporcle.com Mobile Site →
Comments